00337nam a2200145Ia 45000030006000000080041000060400015000471000017000622450028000792500006001072600041001133000006001545460014001600050017001740STCL150530s9999 xx 000 0 und d aSTCLcSTCL aIsaac Asimov aAnaswarathayude Anthyam a1 bD.C. Books; Kottayamc1983aKottayam a0 aMalayalam20220125171620.0